Open Data Biblioteca Nacional de Portugal


República Portuguesa: Ministério da Cultura
Biblioteca Nacional de Portugal

Catálogo da BNP: acesso por Identificadores Unívocos
Registos Bibliográficos associados ao registo de autoridade

Etiqueta de registo: 00230nam 2200025 450
001 1800971
003 http://id.bnportugal.gov.pt/bib/catbnp/1800971
010 ## $a978-86-7346-835-8
100 ## $a20120120d2011 m y0pory01030103ba
101 1# $ascr$cpor
102 ## $aYU
105 ## $ay z 000ay
106 ## $ar
200 1# $aFantazija za dva pukovnika i bazen$fMario de Karvaljo$gs portugalskog prevela Vesna Stamenkovic
210 #9 $aBeograd$cDereta,$d2011
215 ## $a171, [5] p.$d21 cm
304 ## $aTít. orig.: Fantasia para dois coronéis e uma piscina
675 ## $a821.134.3-31"19/20"$vBN$zpor$31367889
700 #1 $aCarvalho,$bMário,$f1944-$3199682
702 #1 $aStamenkovic,$bVesna$4730$31497544
801 #0 $aPT$bBN$gRPC
966 ## $lBN$mFGMON$sL. 120062 V.$x3

Etiqueta de registo: 00000nam 2200025 450
001 2282981
003 http://id.bnportugal.gov.pt/bib/catbnp/2282981
010 ## $a978-86-6407-224-3
100 ## $a20260528d2023 m y0pory01030103ba
101 1# $ascr$cpor
102 ## $aRS
105 ## $ay z 000yy
106 ## $ar
200 1# $aNomad$fZoao Luís Bareto Gimarais$gtrad. Vesna Stamenkovic
210 #9 $aBeograd$cTreci Trg - Srebrno drvo,$d2023
215 ## $a69, [6] p.$d21 cm
225 2# $aBiblioteka sredozemlje$v37
304 ## $aTít. orig.: Nómada
700 #1 $aGuimarães,$bJoão Luís Barreto,$f1967-$326068
702 #1 $aStamenkovic,$bVesna$4730$31497544
801 #0 $aPT$bBN$gRPC
966 ## $lBN$mFGMON$pDGLAB$x3
971 ## $cjbeatriz$d20260528
975 ## $e0$d20260601$viquintas

OpendataBNP@bnportugal.pt | Mais informação sobre acesso aos dados BNP